El decamerón

Zapisane w:
Opis bibliograficzny
1. autor: Boccaccio, Giovanni (Autor)
Format: Książka
Język:hiszpański
Wydane: Bogotá Panamericana 1998
Wydanie:3a. ed
Hasła przedmiotowe:
Etykiety: Dodaj etykietę
Nie ma etykietki, Dołącz pierwszą etykiete!

MARC

LEADER 00000nam a2200000 a 4500
001 UCO5194
003 CL-VaPUC
008 000825e19980000CK |||||||||||||||||spa|d
020 |a 9583001163 
082 0 4 |a 853  |b BOC  |2 21 
100 0 |a Boccaccio, Giovanni  |e author  |9 397 
245 1 3 |a El decamerón 
250 |a 3a. ed 
300 |a 574 p 
942 |c BK 
945 |d 20000825 00:00:00  |a vberengu 
260 |a Bogotá  |b Panamericana  |c 1998 
650 0 |a Literatura italiana  |9 266970 
650 0 |a Novela italiana  |9 265740 
583 |a last modification  |c 20000825 00:00:00  |k Rodrigo Vera 
999 |c 291140  |d 291138 
952 |0 0  |1 0  |4 0  |6 853_000000000000000_BOC_1998  |7 0  |8 A  |9 340836  |a BIBART  |b BIBART  |d 2019-11-20  |i 3646343  |o 853 BOC 1998  |p 3646343  |r 2025-03-13  |w 2019-11-20  |y BK  |k ART 
952 |0 0  |1 0  |4 0  |6 853_000000000000000_BOC_1998  |7 0  |8 A  |9 340837  |a BIBEDU  |b BIBEDU  |d 2019-11-20  |i 4663063  |o 853 BOC 1998  |p 4663063  |r 2019-11-20  |w 2019-11-20  |y BK  |k LIT